| 000 | 02794nam a2200337 i 4500 | ||
|---|---|---|---|
| 001 | 17738951 | ||
| 003 | EG-ScBUE | ||
| 005 | 20230514102232.0 | ||
| 008 | 130515t2013 nyuab f b 001 0 eng d | ||
| 020 | _a9780300196146 (hardback) | ||
| 040 |
_aDLC _beng _erda _cDLC _dDLC _dEG-ScBUE |
||
| 082 | 0 | 0 |
_a745 _222 _bHIS |
| 245 | 0 | 0 |
_aHistory of design : _bdecorative arts and material culture, 1400-2000 / _cPat Kirkham, Susan Weber, editors, The Bard Graduate Center ; project editor, Heather Jane McCormick ; with contributions by John Robert Alderman [and 26 others]. |
| 264 | 1 |
_aNew York : _bBard Graduate Center: Decorative Arts, Design History, Material Culture ; _aNew Haven : _bYale University Press, _c[2013] |
|
| 264 | 4 | _cc2013 | |
| 300 |
_axiii, 698 pages : _billustrations, maps ; _c31 cm |
||
| 336 |
_atext _2rdacontent _btxt |
||
| 336 |
_astill image _2rdacontent _btxt |
||
| 337 |
_aunmediated _2rdamedia _bn |
||
| 338 |
_avolume _2rdacarrier _bnc |
||
| 504 | _aIncludes bibliographical references and index. | ||
| 520 |
_a" Spanning six centuries of global design, this far-reaching survey is the first to offer an account of the vast history of decorative arts and design produced in Africa, the Americas, Asia, Europe, the Indian subcontinent, and the Islamic world, from 1400 to the present. Meticulously documented and lavishly illustrated, the volume covers interiors, furniture, textiles and dress, glass, graphics, metalwork, ceramics, exhibitions, product design, landscape and garden design, and theater and film design. Divided into four chronological sections, each of which is subdivided geographically, the authors elucidate the evolution of style, form, materials, and techniques, and address vital issues such as gender, race, patronage, cultural appropriation, continuity versus innovation, and high versus low culture. Leading authorities in design history and decorative arts studies present hundreds of objects in their contemporary contexts, demonstrating the overwhelming extent to which the applied arts have enriched customs, ceremony, and daily life worldwide over the past six hundred years. This ambitious, landmark publication is essential reading, contributing a definitive classic to the existing scholarship on design, decorative arts, and material culture, while also introducing these subjects to new readers in a comprehensive, erudite book with widespread appeal"-- _cProvided by publisher. |
||
| 650 | 7 |
_aDecorative arts _xHistory. _2BUEsh |
|
| 653 |
_bART _cMay2023 |
||
| 655 | _vReading book | ||
| 700 | 1 |
_aKirkham, Pat, _eeditor of compilation. |
|
| 700 | 1 |
_aWeber, Susan, _d1954- _eeditor of compilation. |
|
| 906 |
_a7 _bcbc _corignew _d1 _eecip _f20 _gy-gencatlg |
||
| 942 |
_2ddc _cBB |
||
| 999 |
_c30355 _d30326 |
||